Kĩ thuật bảo quản dược phẩm hóa chất
Uloženo v:
| Médium: | Kniha |
|---|---|
| Jazyk: | Undetermined |
| Vydáno: |
Hà Nội
Y học và Thể dục thể thao
1964
|
| Témata: | |
| Tagy: |
Přidat tag
Žádné tagy, Buďte první, kdo otaguje tento záznam!
|
| Thư viện lưu trữ: | Trung tâm Học liệu Trường Đại học Cần Thơ |
|---|
| LEADER | 00513nam a2200157Ia 4500 | ||
|---|---|---|---|
| 001 | CTU_7878 | ||
| 008 | 210402s9999 xx 000 0 und d | ||
| 082 | |a 615.19 | ||
| 082 | |b K600 | ||
| 245 | 0 | |a Kĩ thuật bảo quản dược phẩm hóa chất | |
| 260 | |a Hà Nội | ||
| 260 | |b Y học và Thể dục thể thao | ||
| 260 | |c 1964 | ||
| 650 | |a chemistry, medical and pharmaceutical | ||
| 904 | |i Nguyễn Huỳnh Mai, 960907 | ||
| 980 | |a Trung tâm Học liệu Trường Đại học Cần Thơ | ||